Concurrent delays: a practical approach (Record no. 73417)

MARC details
000 -LEADER
fixed length control field 01345cam a2200229 4500
001 - CONTROL NUMBER
control field ABS67028
008 - FIXED-LENGTH DATA ELEMENTS--GENERAL INFORMATION
fixed length control field 030917n2003 000 0 eng u
035 ## - SYSTEM CONTROL NUMBER
System control number (Sirsi) u123636
100 ## - MAIN ENTRY--PERSONAL NAME
Personal name Rawling, B.
245 ## - TITLE STATEMENT
Title Concurrent delays: a practical approach
260 ## - PUBLICATION, DISTRIBUTION, ETC.
Date of publication, distribution, etc. 2003
490 ## - SERIES STATEMENT
Series statement Surveyors' Times [Hong Kong Institute of Surveyors]
Volume/sequential designation 12(8) August 2003, 9-10(2)
490 ## - SERIES STATEMENT
Series statement Surveyors' Times [Hong Kong Institute of Surveyors]
Volume/sequential designation 12(9) September 2003, 11-12(2)
490 ## - SERIES STATEMENT
Series statement Surveyors' Times [Hong Kong Institute of Surveyors]
Volume/sequential designation 12(10) October 2003, 11-12(2)
520 ## - SUMMARY, ETC.
Summary, etc. Three-part article looks at the time factors which affect concurrent delay. Defines concurrent delay as occuring when the delaying effects of two or more independent events impact upon the progress of a project and would, each delaying effect without the other, have caused delay to completion. They are described as concurrent when the effects of the events impact upon progress in similar time periods. Describes ways of dealing with such delays, with particular reference to circumstances in the Hong Kong Government Form of Contract (GCC Clause 50).
590 ## - LOCAL NOTE (RLIN)
Local note ABS
650 ## - SUBJECT ADDED ENTRY--TOPICAL TERM
Topical term or geographic name entry element CONCURRENT DELAYS
650 ## - SUBJECT ADDED ENTRY--TOPICAL TERM
Topical term or geographic name entry element HONG KONG
650 ## - SUBJECT ADDED ENTRY--TOPICAL TERM
Topical term or geographic name entry element BUILT ENVIRONMENT-BUILDING CONTRACT FORMS
690 ## - LOCAL SUBJECT ADDED ENTRY--TOPICAL TERM (OCLC, RLIN)
Topical term or geographic name as entry element BUILT ENVIRONMENT-BUILDING CONTRACT FORMS
942 ## - ADDED ENTRY ELEMENTS (KOHA)
Suppress in OPAC 0
Holdings
Withdrawn status Lost status Source of classification or shelving scheme Damaged status Not for loan Home library Current library Shelving location Date acquired Total Checkouts Full call number Barcode Date last seen Copy number Price effective from Koha item type
    Dewey Decimal Classification     London London Journal article 17/09/2003   ABS67028 123636-1001 06/08/2019 1 06/08/2019 Journal article